Computational Physics:Problem Solving With Computers (Record no. 6758)

MARC details
000 -LEADER
fixed length control field 00562nam a2200205Ia 4500
008 - FIXED-LENGTH DATA ELEMENTS--GENERAL INFORMATION
fixed length control field 130729s9999 xx 000 0 und d
020 ## - INTERNATIONAL STANDARD BOOK NUMBER
International Standard Book Number 9783527406265
072 ## - SUBJECT CATEGORY CODE
Subject category code Mathematical Physics
082 ## - DEWEY DECIMAL CLASSIFICATION NUMBER
Classification number 530.15
082 ## - DEWEY DECIMAL CLASSIFICATION NUMBER
Item number L231
100 ## - MAIN ENTRY--PERSONAL NAME
Personal name Landau Rubin H.
9 (RLIN) 933
245 ## - TITLE STATEMENT
Title Computational Physics:Problem Solving With Computers
245 ## - TITLE STATEMENT
Statement of responsibility, etc Landau Rubin H.,Paez Manuel J. & Bordeianu Cristian C.
260 ## - PUBLICATION, DISTRIBUTION, ETC. (IMPRINT)
Place of publication, distribution, etc Weinheim
260 ## - PUBLICATION, DISTRIBUTION, ETC. (IMPRINT)
Name of publisher, distributor, etc Wiley-Vch
260 ## - PUBLICATION, DISTRIBUTION, ETC. (IMPRINT)
Date of publication, distribution, etc 2007
300 ## - PHYSICAL DESCRIPTION
Extent 467
300 ## - PHYSICAL DESCRIPTION
Type of unit Illustration,index,reference & tables
942 ## - ADDED ENTRY ELEMENTS (KOHA)
Item type Book

No items available.